01621nam a2200301 a 450000100100000000500170001000800410002702000150006804000250008308200290010810000450013724500850018225000120026726000360027930000260031550000330034150000570037450400320043159000260046365000730048965100610056291000370062395201450066095201500080595201560095595201910111199900170130200002249720240305082246.0101012s1997 dr 001 0 spa d a848400208X aDO-SdBNPbspacBNPHU a322.1097293bP438i, 19971 aPérez Memén, Fernando,d1943-93874413aLa iglesia y el Estado en Santo Domingo (1700-1853) /cFernando Pérez Memén. a2a. ed. aSanto Domingo :bTaller,c1997. axvi, 730 p. ;c23 cm. aIncluye índice analítico aIncluye datos biográficos del autor en las solapas aBibliografía : p. 694-704 aInventariado, 2019/BT 4aIglesia y estadoxHistoriazRepública Dominicanay1700-1853946342 4aLa Española (Isla{Rpara}xHistoria Eclesiastica946343 aValidado. Control de calidad MFF 00102ddc51708PDaBNPHUbBNPHUcHDd2010-10-12l0oBNPHU PD 322.1097293 P438i, 1997p22497-10r2020-06-25w2020-06-25yLBS1ZNo se presta 00102ddc51708PDaBNPHUbBNPHUcHDd2010-10-12l0oBNPHU PD 322.1097293 P438i, 1997p22497-20r2020-06-25te.2w2020-06-25yLBS1ZNo se presta 00102ddc56708DSaBNPHUbBNPHUcHDd2010-10-12l0oBNPHU DS 322.1097293 P438i, 1997p22497-30r2020-06-25te.3w2020-06-25yLBS1ZPréstamo en sala 00102ddc56708DSaBNPHUbBNPHUcHDd2011-03-10eDonado por Emilio Cordero Michell0oBNPHU DS 322.1097293 P438i, 1997p22497-40r2020-06-25te. 4w2020-06-25yLBS1ZPréstamo en sala c21995d21995